|
|
|
|
| LEADER |
00000nam a22000007a 4500 |
| 005 |
20160613105836.0 |
| 007 |
cr|||| ||u| |
| 008 |
160613s2016 mx ||||| |||| 00||0 spa d |
| 020 |
|
|
|a 978-607-406-805-4
|
| 035 |
|
|
|a 14281
|
| 040 |
|
|
|a vLex
|
| 090 |
|
|
|c 6175
|d 6175
|
| 100 |
1 |
|
|a Martn̕ez Gutiřrez, Javier
|
| 245 |
1 |
0 |
|a Estudio Prc̀tico sobre la Balanza de Comprobacin̤ para Efectos del SAT 2016
|h [Recurso electrn̤ico] /
|c Javier Martn̕ez Gutiřrez
|
| 256 |
|
|
|a Servicio en ln̕ea
|
| 260 |
|
|
|a Mx̌ico
|b Ediciones Fiscales ISEF
|c 2016
|
| 300 |
|
|
|a 1 recurso electrn̤ico
|
| 500 |
|
|
|a Este libro va dirigido a toda aquella persona que est ̌involucrada con la informacin̤ fiscal y contable a travš de estados financieros de una empresa o entidad, como pueden ser directores, gerentes, administradores, contadores.
|
| 506 |
1 |
|
|a Contenido solo disponible en los productos indicados
|d vLex Global
|d vLex Global (Academic Edition, excluding Law Schools)
|d vLex Global (U.S. Academic Edition, Law Schools)
|d vLex Global (U.S. Academic Edition, excluding Law Schools)
|d vLex Global (Academic Edition, Law Schools)
|
| 650 |
0 |
4 |
|a Derecho
|z Mx̌ico
|
| 740 |
0 |
|
|a vLex libros (servicio en ln̕ea)
|
| 856 |
4 |
0 |
|u http://vlex.com/source/estudio-practico-sobre-la-balanza-de-comprobacion-para-efectos-del-sat-2016-14281
|z Acceso restringido
|
| 942 |
|
|
|c BOOK
|
| 999 |
0 |
|
|a Law
|b Mx̌ico
|